00821nam a22002177a 4500999001900000005001700019010001500036020002600051035001400077037001300091082001200104100002000116245009000136260004200226270008000268300003900348500003800387700002700425942002600452952012500478 c157861d15786120181006112451.0 aENG-124186 a9789352807222c325.00 aEN-107718 bDBAD/PUB00a338.954 aKashyap, Monika10a Economic reforms in india since 1991 /cby Monika Kashyap [and] Mahendra Babu Kuruva a New Delhi bSAGE Publications,c2018 aB1/I-1 Mohan Cooperative Industrial Area, Mathura Roadb New Delhi e110044 axxx,231p.(B-1p, I-1p)c24 cm.(pbk) aIt include bibliography and index a Kuruva, Mahendra Babu 2ddccENh338.954mKAS 001040718NFICaDBADbZLSd2018-10-06eDBAD/PUBg325.00l0o338.954 KASpEN-107718r2018-10-06 00:00:00t1v325.00yEN